Capitals Starting With D - Statistics

General Stats
  • This quiz has been taken 97,313 times
  • The average score is 6 of 9
Answer Stats
Country Capital City % Correct
Ireland Dublin
82%
Bangladesh Dhaka
74%
Senegal Dakar
72%
Syria Damascus
70%
Djibouti Djibouti
70%
Qatar Doha
65%
East Timor Dili
59%
Tajikistan Dushanbe
57%
Tanzania Dodoma
54%
No matching quizzes found
Score Distribution
Percent of People with Each Score
Percentile by Number Answered
Your Score History
You have not taken this quiz